00685nam a2200181 a 450000500170000000800410001710000250005824501000008326000770018330000160026044000810027665000400035770000350039794200180043294200180045094200180046899900170048620170619150148.0050804s1978 txu 001 0 eng d1 aBranks, Judy, trans.10aThe drama of life : a study of life cycle customs among the Guambiano, Colombia, South America. aDallas :bSummer Institute of Linguistics Museum of Anthropology,c1978. axii, 107 p. 0aSummer Institute of Linguistics Museum of Anthropology publication, <4=0004> 0aGUAMBIANOxSOCIAL LIFE AND CUSTOMS.1 aSanchez, Juan Bautista, texts. h392iB816cBK h392iB816cBK h392iB816cBK c64054d64028